[Event "Tegernsee - Porz"]
[Site "BL 0203"]
[Date "2002.11.16"]
[Round "3.8"]
[White "Kachiani-Gersinska, Ketino"]
[Black "Van der Doel, Erik"]
[Result "0-1"]
[WhiteElo "2439"]
[BlackElo "2594"]
[PlyCount "108"]
[EventDate "2002.11.16"]

1. d4 d5 2. c4 e6 3. Nf3 a6 4. g3 dxc4 5. Bg2 Bb4+ 6. Bd2 Be7 7. O-O Nf6 8. a4
Nc6 9. Bc3 Rb8 10. a5 O-O 11. Nbd2 b5 12. axb6 cxb6 13. Nxc4 Bb7 14. Qb3 b5 15.
Na5 Nxa5 16. Bxa5 Qd6 17. Rfc1 Rbc8 18. Ne5 Bxg2 19. Kxg2 Qxd4 20. Nc6 Qe4+ 21.
Qf3 Bd6 22. Nb4 Be5 23. Nd3 Bd4 24. Bb4 Rxc1 25. Rxc1 Ra8 26. Qxe4 Nxe4 27. e3
Bb6 28. Rc6 Bd8 29. f3 Nf6 30. e4 a5 31. Bd6 Nd7 32. Kf2 Nb6 33. Bc7 Nc4 34.
Bxd8 Rxd8 35. Ke2 a4 36. Ra6 g5 37. Ra7 Rb8 38. h4 gxh4 39. gxh4 Kg7 40. f4 Rc8
41. Kf3 h5 42. Rb7 Nxb2 43. Ne5 a3 44. Rxf7+ Kg8 45. Ra7 Na4 46. Nd7 Rc3+ 47.
Ke2 a2 48. Nf6+ Kf8 49. Nh7+ Ke8 50. Nf6+ Kd8 51. Rd7+ Kc8 52. Rd1 b4 53. f5
exf5 54. Nd5 b3 0-1

[Event "Forchheim - Godesberg"]
[Site "BL 0203"]
[Date "2002.11.16"]
[Round "3.1"]
[White "Breder, Dennis"]
[Black "Prusikhin, Mikhajlo"]
[Result "1/2-1/2"]
[WhiteElo "2440"]
[BlackElo "2504"]
[PlyCount "27"]
[EventDate "2002.11.16"]

1. e4 c5 2. Nf3 Nc6 3. Bb5 g6 4. O-O Bg7 5. c3 Nf6 6. Qa4 O-O 7. d4 cxd4 8.
cxd4 d6 9. d5 Nb8 10. Be3 Bd7 11. Nc3 a6 12. Bxd7 Nbxd7 13. Bd4 Qc7 14. Rfc1
1/2-1/2

[Event "Forchheim - Godesberg"]
[Site "BL 0203"]
[Date "2002.11.16"]
[Round "3.2"]
[White "Jansa, Vlastimil"]
[Black "Sprenger, Jan-Michael"]
[Result "1/2-1/2"]
[WhiteElo "2500"]
[BlackElo "2430"]
[PlyCount "119"]
[EventDate "2002.11.16"]

1. e4 e6 2. d4 d5 3. Nd2 Nf6 4. e5 Nfd7 5. c3 c5 6. Bd3 Nc6 7. Ne2 Qb6 8. Nf3
cxd4 9. cxd4 f6 10. exf6 Nxf6 11. O-O Bd6 12. b3 O-O 13. Bf4 Qc7 14. Bxd6 Qxd6
15. Re1 e5 16. dxe5 Nxe5 17. Nxe5 Qxe5 18. Nd4 Qd6 19. Nb5 Qb6 20. Bf1 Bd7 21.
Qd4 Qxd4 22. Nxd4 Rae8 23. f3 Kf7 24. Bb5 Re7 25. Bxd7 Rxd7 26. Rac1 Re8 27.
Kf2 Rxe1 28. Kxe1 Ne8 29. Kd2 Nc7 30. Kd3 g6 31. h4 h5 32. g4 Ne6 33. Nxe6 Kxe6
34. Rg1 Rf7 35. Ke3 hxg4 36. fxg4 Rh7 37. Rh1 Ke5 38. h5 Rh6 39. b4 a6 40. a4
b6 41. Rh2 d4+ 42. Kf3 g5 43. Re2+ Kd5 44. Re8 Kc4 45. Ke4 Rf6 46. Ke5 Rf1 47.
Rc8+ Kxb4 48. Kxd4 Rf4+ 49. Ke5 Rxg4 50. Kf5 Rh4 51. Kxg5 Rh1 52. h6 b5 53.
axb5 axb5 54. Kg6 Rg1+ 55. Kf6 Rf1+ 56. Kg7 Rg1+ 57. Kh8 Kb3 58. Rg8 Rh1 59.
Rg3+ Kc2 60. Kg7 1/2-1/2

[Event "Forchheim - Godesberg"]
[Site "BL 0203"]
[Date "2002.11.16"]
[Round "3.3"]
[White "Langheinrich, Ferenc"]
[Black "Jirovsky, Milos"]
[Result "1/2-1/2"]
[WhiteElo "2363"]
[BlackElo "2457"]
[PlyCount "42"]
[EventDate "2002.11.16"]

1. e4 c5 2. Nf3 Nc6 3. Bb5 g6 4. Bxc6 dxc6 5. O-O Bg7 6. d3 Nf6 7. h3 O-O 8.
Nc3 Nd7 9. Be3 e5 10. Qd2 Qe7 11. Bh6 f6 12. Bxg7 Kxg7 13. Nh2 Rf7 14. Ne2 Nf8
15. f4 exf4 16. Nxf4 Bd7 17. Rae1 b6 18. Nf3 Ne6 19. b3 Re8 20. Nxe6+ Bxe6 21.
Rf2 Rg8 1/2-1/2

[Event "Forchheim - Godesberg"]
[Site "BL 0203"]
[Date "2002.11.16"]
[Round "3.4"]
[White "Heidrich, Manfred"]
[Black "Seger, Ruediger"]
[Result "1/2-1/2"]
[WhiteElo "2415"]
[BlackElo "2406"]
[PlyCount "67"]
[EventDate "2002.11.16"]

1. e4 c6 2. d4 d5 3. Nc3 dxe4 4. Nxe4 Bf5 5. Ng3 Bg6 6. h4 h6 7. Nf3 Nd7 8. h5
Bh7 9. Bd3 Bxd3 10. Qxd3 Qc7 11. Bd2 Ngf6 12. O-O-O O-O-O 13. Ne4 e6 14. g3
Nxe4 15. Qxe4 Bd6 16. Qe2 Rhe8 17. Rhe1 Be7 18. Kb1 Nf6 19. c3 Ng4 20. Bf4 Bd6
21. Ne5 Nxe5 22. dxe5 Bf8 23. g4 Be7 24. Bg3 Rxd1+ 25. Rxd1 Rd8 26. Rd3 Qa5 27.
Qe4 Rxd3 28. Qxd3 Qa4 29. f3 Qa5 30. Qc4 Qb6 31. Qd4 Bc5 32. Qd2 Be7 33. Qd4
Bc5 34. Qd2 1/2-1/2

[Event "Forchheim - Godesberg"]
[Site "BL 0203"]
[Date "2002.11.16"]
[Round "3.5"]
[White "Jackelen, Thomas"]
[Black "Bartsch, Berthold"]
[Result "1-0"]
[WhiteElo "2415"]
[BlackElo "2320"]
[PlyCount "79"]
[EventDate "2002.11.16"]

1. Nf3 d6 2. d4 Bg4 3. c4 Nd7 4. Nc3 e5 5. e3 Ngf6 6. Be2 Be7 7. O-O O-O 8. e4
c6 9. Be3 Qc7 10. Rc1 Rfe8 11. d5 Nc5 12. Qc2 a5 13. a3 Bh5 14. b4 axb4 15.
axb4 Na6 16. Qb3 Bg6 17. Nd2 Nd7 18. Bg4 Rf8 19. Ra1 h6 20. Na4 Nf6 21. Bf3 Nd7
22. Bg4 Nf6 23. Bf3 Nd7 24. Rfb1 Bg5 25. Bxg5 hxg5 26. Qe3 Qd8 27. Bg4 Rb8 28.
Bxd7 Qxd7 29. Nb6 Qd8 30. dxc6 Nc7 31. Nd7 bxc6 32. Nxb8 Qxb8 33. b5 cxb5 34.
cxb5 Ne6 35. b6 Nc5 36. b7 Qc7 37. Ra8 Nd7 38. Rxf8+ Kxf8 39. Qxg5 d5 40. h4
1-0

[Event "Forchheim - Godesberg"]
[Site "BL 0203"]
[Date "2002.11.16"]
[Round "3.7"]
[White "Upleger, Martin"]
[Black "Niedermaier, Hans"]
[Result "1/2-1/2"]
[WhiteElo "2268"]
[BlackElo "2271"]
[PlyCount "43"]
[EventDate "2002.11.16"]

1. e4 c5 2. c3 d5 3. exd5 Qxd5 4. d4 Nc6 5. Nf3 Bg4 6. Be2 e6 7. h3 Bh5 8. O-O
Nf6 9. Be3 cxd4 10. cxd4 Rd8 11. Nc3 Qd6 12. a3 Be7 13. Qb3 Qb8 14. Rad1 O-O
15. d5 Nxd5 16. Nxd5 Rxd5 17. Rxd5 exd5 18. Qxd5 Bg6 19. b4 Rd8 20. Qb3 Bf6 21.
Rc1 h6 22. Bc4 1/2-1/2

[Event "Forchheim - Godesberg"]
[Site "BL 0203"]
[Date "2002.11.16"]
[Round "3.8"]
[White "Bade, Joern"]
[Black "Philipowsky, Robert"]
[Result "1/2-1/2"]
[WhiteElo "2267"]
[BlackElo "2299"]
[PlyCount "45"]
[EventDate "2002.11.16"]

1. e4 c5 2. c3 d5 3. exd5 Qxd5 4. d4 Nc6 5. Nf3 e6 6. Bd3 Nf6 7. O-O Be7 8. c4
Qd8 9. dxc5 Bxc5 10. Nc3 O-O 11. Bg5 h6 12. Bh4 Be7 13. Qe2 Qa5 14. a3 Qh5 15.
Bg3 b6 16. Rae1 Bb7 17. Bb1 Na5 18. Ne4 Rac8 19. Nxf6+ Bxf6 20. Qc2 g6 21. Ne5
Rfd8 22. b3 Nc6 23. Nxc6 1/2-1/2

[Event "Bremen - Baden Oos"]
[Site "BL 0203"]
[Date "2002.11.16"]
[Round "3.1"]
[White "Anand, Viswanathan"]
[Black "Hracek, Zbynek"]
[Result "1-0"]
[WhiteElo "2755"]
[BlackElo "2607"]
[PlyCount "67"]
[EventDate "2002.??.??"]

1. e4 e5 2. Nf3 Nc6 3. Bb5 a6 4. Ba4 Nf6 5. O-O Be7 6. Re1 b5 7. Bb3 O-O 8. c3
d5 9. exd5 Nxd5 10. Nxe5 Nxe5 11. Rxe5 Bb7 12. d4 Bf6 13. Re1 Re8 14. Bd2 a5
15. Na3 b4 16. Nc2 Rxe1+ 17. Qxe1 a4 18. Bxd5 Qxd5 19. Ne3 Qe6 20. h3 bxc3 21.
bxc3 Bg5 22. Nf1 Bf6 23. Qxe6 fxe6 24. Bf4 c5 25. dxc5 Rc8 26. Bd6 Bxc3 27. Rc1
Bb2 28. Rc4 Bc6 29. Ne3 Ra8 30. Rb4 Bc3 31. Rb6 Be8 32. Nc4 Rc8 33. Bf4 g5 34.
Be3 1-0

[Event "Bremen - Baden Oos"]
[Site "BL 0203"]
[Date "2002.11.16"]
[Round "3.2"]
[White "Babula, Vlastimil"]
[Black "Svidler, Peter"]
[Result "1/2-1/2"]
[WhiteElo "2590"]
[BlackElo "2690"]
[PlyCount "38"]
[EventDate "2002.??.??"]

1. d4 Nf6 2. c4 g6 3. Nc3 d5 4. Nf3 Bg7 5. Qb3 dxc4 6. Qxc4 O-O 7. e4 a6 8. Qb3
b5 9. Be2 c5 10. dxc5 Bb7 11. O-O Nxe4 12. Nxe4 Bxe4 13. Bf4 Bd5 14. Qe3 Bxb2
15. Rad1 e6 16. Ne5 Nd7 17. Nd3 Bg7 18. Nb4 Nf6 19. Be5 Ne8 1/2-1/2

[Event "Bremen - Baden Oos"]
[Site "BL 0203"]
[Date "2002.11.16"]
[Round "3.3"]
[White "Dautov, Rustem"]
[Black "Schandorff, Lars"]
[Result "0-1"]
[WhiteElo "2617"]
[BlackElo "2546"]
[PlyCount "80"]
[EventDate "2002.??.??"]

1. d4 Nf6 2. c4 e6 3. Nf3 b6 4. g3 Ba6 5. Qa4 Bb7 6. Bg2 c5 7. dxc5 bxc5 8. Nc3
Be7 9. O-O O-O 10. Bf4 d6 11. Rad1 Qb6 12. Rd2 h6 13. Rfd1 e5 14. Be3 Nc6 15.
Ne1 Rfd8 16. Nd5 Nxd5 17. Bxd5 Rab8 18. Nd3 a5 19. b3 Qc7 20. f3 Nd4 21. Bxb7
Rxb7 22. Bf2 Bg5 23. Rb2 f5 24. Ne1 e4 25. f4 Bf6 26. Rbd2 Nc6 27. Rc1 Rb4 28.
Qa3 a4 29. Nc2 Ra8 30. Rcd1 Rbb8 31. Qc1 axb3 32. axb3 Na5 33. Rxd6 Nxb3 34.
Qe3 Bd4 35. R6xd4 cxd4 36. Nxd4 Nxd4 37. Rxd4 Rb2 38. Qc3 Raa2 39. Rd5 Rxe2 40.
Bd4 Rg2+ 0-1

[Event "Bremen - Baden Oos"]
[Site "BL 0203"]
[Date "2002.11.16"]
[Round "3.4"]
[White "McShane, Luke James"]
[Black "Huebner, Robert Dr"]
[Result "1/2-1/2"]
[WhiteElo "2546"]
[BlackElo "2640"]
[PlyCount "101"]
[EventDate "2002.??.??"]

1. e4 c5 2. Nf3 d6 3. Bc4 Nf6 4. d3 Nc6 5. O-O a6 6. a3 e6 7. Ba2 Be7 8. Re1
O-O 9. c3 e5 10. h3 Be6 11. Bxe6 fxe6 12. b4 Nh5 13. Be3 Nf4 14. Bxf4 Rxf4 15.
Nbd2 d5 16. Qb3 b5 17. exd5 Qxd5 18. c4 Qd7 19. cxb5 axb5 20. bxc5 Bxc5 21.
Qxb5 Ra5 22. Qb3 Nd4 23. Qd1 Rxa3 24. Rxa3 Bxa3 25. Rxe5 Bb4 26. g3 Rf8 27. Re4
Nc6 28. Nc4 Bc5 29. Kg2 Qd5 30. Qd2 Rd8 31. Qg5 Qxg5 32. Nxg5 Be7 33. Nxe6 Rxd3
34. Ne3 Rd7 35. Nf5 Bf6 36. g4 Ne7 37. Ng3 g6 38. g5 Bg7 39. h4 Nd5 40. Ra4 Kf7
41. Nc5 Rc7 42. Nd3 Rc3 43. Ne1 h6 44. Ne2 Rb3 45. Ra7+ Kg8 46. Rd7 Rb2 47. Kf1
Rd2 48. Ra7 Rd1 49. Ra8+ Kf7 50. Ra7+ Kg8 51. Ra8+ 1/2-1/2

[Event "Bremen - Baden Oos"]
[Site "BL 0203"]
[Date "2002.11.16"]
[Round "3.5"]
[White "Doettling, Fabian"]
[Black "Pelletier, Yannick"]
[Result "1/2-1/2"]
[WhiteElo "2539"]
[BlackElo "2587"]
[PlyCount "86"]
[EventDate "2002.??.??"]

1. d4 Nf6 2. c4 e6 3. Nf3 b6 4. g3 Bb7 5. Bg2 Bb4+ 6. Nbd2 O-O 7. O-O a5 8. Qc2
c5 9. b3 a4 10. Bb2 a3 11. Bc3 Nc6 12. Rfd1 Qe7 13. e4 Bxc3 14. Qxc3 Nb4 15. e5
Ne4 16. Nxe4 Bxe4 17. dxc5 bxc5 18. Rd2 f6 19. Rad1 Ra7 20. exf6 Qxf6 21. Qxf6
gxf6 22. Ne1 d5 23. cxd5 exd5 24. Bxe4 dxe4 25. Rc1 Rc8 26. Rc4 f5 27. Kf1 Kf7
28. h3 h5 29. g4 Re7 30. gxf5 e3 31. Re2 exf2 32. Rxf2 Rd8 33. Nf3 Rd1+ 34. Kg2
Kf6 35. Rxc5 Nd3 36. Rc6+ Kxf5 37. Nh4+ Ke4 38. Rc4+ Kd5 39. Rf5+ Kd6 40. Rf6+
Kd5 41. Rf5+ Kd6 42. Rf6+ Ke5 43. Rf5+ Kd6 1/2-1/2

[Event "Bremen - Baden Oos"]
[Site "BL 0203"]
[Date "2002.11.16"]
[Round "3.6"]
[White "Gallagher, Joseph G"]
[Black "Schenk, Andreas"]
[Result "1-0"]
[WhiteElo "2540"]
[BlackElo "2479"]
[PlyCount "81"]
[EventDate "2002.??.??"]

1. e4 e6 2. d4 d5 3. Nc3 Nf6 4. Bg5 dxe4 5. Nxe4 Nbd7 6. Nf3 Be7 7. Nxf6+ Bxf6
8. h4 O-O 9. Bd3 c5 10. Qe2 cxd4 11. O-O-O Nc5 12. Bc4 e5 13. Nxe5 Bxg5+ 14.
hxg5 Qxg5+ 15. Kb1 Be6 16. Rxd4 Rad8 17. f4 Qf6 18. Rxd8 Rxd8 19. Bxe6 Qxe6 20.
Rd1 Rc8 21. Qd2 h6 22. a3 f6 23. Nf3 Kh8 24. Re1 Qf5 25. Re7 a6 26. Qe3 Rd8 27.
b3 Kh7 28. Rxg7+ Kxg7 29. Qe7+ Kg8 30. Qxd8+ Kf7 31. Qc7+ Kg8 32. b4 Ne4 33.
Qb8+ Kg7 34. Qxb7+ Kg8 35. Qb8+ Kg7 36. Qc7+ Kg8 37. Qd8+ Kg7 38. Qe7+ Kg8 39.
Qe8+ Kg7 40. Nd4 Nc3+ 41. Ka1 1-0

[Event "Bremen - Baden Oos"]
[Site "BL 0203"]
[Date "2002.11.16"]
[Round "3.7"]
[White "Schmaltz, Roland"]
[Black "Joachim, Sven"]
[Result "1/2-1/2"]
[WhiteElo "2529"]
[BlackElo "2471"]
[PlyCount "216"]
[EventDate "2002.??.??"]

1. e4 c5 2. Nf3 d6 3. d4 cxd4 4. Nxd4 Nf6 5. Nc3 a6 6. f3 Qb6 7. g4 e6 8. a3
Nc6 9. Be3 Qc7 10. Qd2 Be7 11. O-O-O O-O 12. g5 Nd7 13. f4 b5 14. Nxc6 Qxc6 15.
f5 Re8 16. f6 Bf8 17. fxg7 Kxg7 18. h4 Ne5 19. h5 Qc7 20. Be2 Kg8 21. Rdg1 Re7
22. g6 fxg6 23. hxg6 hxg6 24. Bd4 Rh7 25. Nd5 Qg7 26. Rxh7 Kxh7 27. Nf4 Qf7 28.
Nxg6 Nxg6 29. Bh5 e5 30. Bxg6+ Qxg6 31. Rxg6 Kxg6 32. Qg2+ Kf7 33. Qf3+ Ke7 34.
Be3 Be6 35. Qh5 Kd7 36. Qh7+ Be7 37. Bg5 Re8 38. Bxe7 Rxe7 39. Qh8 Re8 40. Qg7+
Re7 41. Qf8 Re8 42. Qf2 Kc6 43. Qa7 Bc8 44. c4 bxc4 45. Qf7 Re6 46. Kd2 Bd7 47.
Kc3 Re8 48. Qxc4+ Kb7 49. Qb4+ Kc7 50. a4 Rb8 51. Qc4+ Kb7 52. Qf7 Kc7 53. b3
Rb6 54. Kb2 Rb4 55. Qd5 Bc6 56. Qa5+ Rb6 57. Qc3 Kb7 58. Qc4 a5 59. Qf7+ Ka6
60. Ka3 Bb7 61. Qc4+ Ka7 62. Qd3 Kb8 63. Qe2 Ra6 64. Qe1 Kc7 65. Kb2 Bc6 66.
Kc2 Kb7 67. Kb2 Kc7 68. Kc1 Kb7 69. Qh4 Kc7 70. Qe7+ Bd7 71. Qf7 Rb6 72. Qd5
Ra6 73. Kd2 Bc6 74. Qf7+ Bd7 75. Ke1 Rb6 76. Qd5 Ra6 77. Kf2 Bc6 78. Qf7+ Bd7
79. Kg3 Ra8 80. Kh4 Ra6 81. Kg5 Rc6 82. Qd5 Rc5 83. Qa8 Bc6 84. Qa7+ Bb7 85.
Kf6 Kc6 86. Qb8 Kb6 87. Qd8+ Ka6 88. Ke7 Rc6 89. Qg8 Rb6 90. Qc4+ Ka7 91. Kd7
Ra6 92. Qb5 Bxe4 93. Qe2 Bb7 94. Qe3+ Kb8 95. Qg5 Ka7 96. Qd8 Rb6 97. Qc7 e4
98. Qc4 Ra6 99. Qd4+ Kb8 100. Kd8 d5 101. Qe5+ Ka7 102. Kc7 Rc6+ 103. Kd7 Rb6
104. Qc3 Ka6 105. Qe3 Rc6 106. Qe2+ Ka7 107. Qd2 Ra6 108. Qd4+ Kb8 1/2-1/2

[Event "Emsdetten - Stuttgart"]
[Site "BL 0203"]
[Date "2002.11.16"]
[Round "3.2"]
[White "Nielsen, Peter-Heine"]
[Black "Buhmann, Rainer"]
[Result "1-0"]
[WhiteElo "2620"]
[BlackElo "2527"]
[PlyCount "93"]
[EventDate "2002.??.??"]

1. d4 e6 2. Nf3 Nf6 3. c4 d5 4. Nc3 Nbd7 5. Bg5 Bb4 6. cxd5 exd5 7. Qc2 O-O 8.
a3 Bxc3+ 9. Qxc3 c6 10. e3 Qe8 11. Qc2 Ne4 12. Bf4 Nb6 13. Bd3 Qe7 14. O-O Bf5
15. b4 h6 16. h3 Qe6 17. Nh4 Bh7 18. f3 g5 19. Be5 f6 20. Bh2 f5 21. fxe4 dxe4
22. Be2 Nd5 23. Bc4 f4 24. Qf2 Qe7 25. Rae1 Kh8 26. Bxd5 cxd5 27. Bxf4 gxf4 28.
exf4 Rac8 29. f5 Qf6 30. Kh1 Rc3 31. Qf4 Re8 32. Ng6+ Kg7 33. Ne5 Kh8 34. Ng4
Qg5 35. Qd6 Rc6 36. Qd7 Rd8 37. Qxb7 Rc2 38. f6 h5 39. Ne3 Rc3 40. Qe7 Rg8 41.
Qe5 Qxe5 42. dxe5 d4 43. f7 dxe3 44. e6 Rc7 45. f8=Q Rxf8 46. Rxf8+ Kg7 47.
Rf7+ 1-0

[Event "Emsdetten - Stuttgart"]
[Site "BL 0203"]
[Date "2002.11.16"]
[Round "3.3"]
[White "Golubev, Mihail"]
[Black "Tiviakov, Sergei"]
[Result "0-1"]
[WhiteElo "2528"]
[BlackElo "2631"]
[PlyCount "80"]
[EventDate "2002.??.??"]

1. e4 c6 2. Nc3 d5 3. Nf3 Bg4 4. h3 Bxf3 5. Qxf3 e6 6. d4 Nd7 7. Bd3 dxe4 8.
Nxe4 Ngf6 9. c3 Nxe4 10. Qxe4 Nf6 11. Qe2 Be7 12. Bf4 Bd6 13. Bxd6 Qxd6 14. Qe5
O-O-O 15. Qxd6 Rxd6 16. O-O-O g6 17. f4 h5 18. g3 Rhd8 19. Be2 h4 20. g4 Nd5
21. Rdf1 b5 22. Rf3 a5 23. Rd1 Kc7 24. Kc2 Kb6 25. Bd3 f5 26. a3 c5 27. dxc5+
Kxc5 28. Re1 Kb6 29. Re5 Rc8 30. Bf1 Rc5 31. Rd3 Rdc6 32. Rd4 fxg4 33. hxg4 g5
34. fxg5 Nb4+ 35. axb4 Rxe5 36. bxa5+ Kxa5 37. g6 Rg5 38. Bg2 e5 39. Rd5 Rcxg6
40. Bf1 e4 0-1

[Event "Emsdetten - Stuttgart"]
[Site "BL 0203"]
[Date "2002.11.16"]
[Round "3.4"]
[White "Berelovich, Alexander"]
[Black "Jenni, Florian"]
[Result "1-0"]
[WhiteElo "2541"]
[BlackElo "2483"]
[PlyCount "143"]
[EventDate "2002.??.??"]

1. e4 e5 2. Nf3 Nc6 3. Bb5 a6 4. Ba4 Nf6 5. O-O Be7 6. Re1 b5 7. Bb3 O-O 8. a4
Bb7 9. d3 d6 10. Nbd2 Re8 11. Nf1 h6 12. Bd2 Bf8 13. c4 b4 14. a5 Nd7 15. Ba4
Rb8 16. b3 Nc5 17. Qc2 Nxa4 18. Rxa4 Bc8 19. Qd1 Bd7 20. Ne3 Nd4 21. Rxb4 Rxb4
22. Bxb4 Nxf3+ 23. Qxf3 Qb8 24. Nd5 Be6 25. Bd2 Bxd5 26. cxd5 Qxb3 27. Rc1 Qb7
28. h4 Be7 29. Qg4 Kf8 30. Qd7 Bd8 31. Qc6 Qb2 32. Be3 Bxh4 33. g3 Bg5 34. Bxg5
hxg5 35. Qxc7 Qa3 36. Rc3 Qb4 37. Kg2 g4 38. Rc6 Qb5 39. Qxd6+ Kg8 40. Qd7 Rf8
41. Qxg4 Qxd3 42. Qf5 Qb5 43. Qxe5 Qxa5 44. Qe7 Qb5 45. Rc7 Qe8 46. Qxe8 Rxe8
47. Kf3 Ra8 48. Rc4 a5 49. Ra4 Kf8 50. Ke3 Ke7 51. Kd4 g5 52. Ke5 Ra6 53. Kf5
Rf6+ 54. Kxg5 Rxf2 55. e5 Re2 56. Kf4 Re1 57. Rxa5 Rf1+ 58. Kg5 Re1 59. Ra7+
Kf8 60. g4 Ke8 61. Ra8+ Kd7 62. Kf6 Rf1+ 63. Kg7 Rf4 64. g5 Rf5 65. e6+ fxe6
66. dxe6+ Ke7 67. g6 Rf1 68. Ra7+ Ke8 69. Rf7 Re1 70. Kf6 Rf1+ 71. Ke5 Re1+ 72.
Kd5 1-0

[Event "Emsdetten - Stuttgart"]
[Site "BL 0203"]
[Date "2002.11.16"]
[Round "3.5"]
[White "Schmittdiel, Eckhard"]
[Black "Pedersen, Nicolai Vesterbaek"]
[Result "1/2-1/2"]
[WhiteElo "2491"]
[BlackElo "2495"]
[PlyCount "28"]
[EventDate "2002.??.??"]

1. e4 e5 2. Nf3 Nc6 3. Bb5 Nf6 4. Nc3 Bb4 5. O-O O-O 6. d3 Bxc3 7. bxc3 d6 8.
Bg5 Qe7 9. Nd2 h6 10. Bh4 Nd8 11. Bc4 Ne6 12. Bxe6 fxe6 13. Nc4 Bd7 14. Ne3 Qe8
1/2-1/2

[Event "Emsdetten - Stuttgart"]
[Site "BL 0203"]
[Date "2002.11.16"]
[Round "3.6"]
[White "Zumsande, Martin"]
[Black "Duppel, Matthias"]
[Result "1/2-1/2"]
[WhiteElo "2374"]
[BlackElo "2440"]
[PlyCount "27"]
[EventDate "2002.??.??"]

1. e4 e6 2. d4 d5 3. Nc3 Nf6 4. Bg5 dxe4 5. Nxe4 Be7 6. Bxf6 gxf6 7. Nf3 Nd7 8.
Bc4 a6 9. a4 c5 10. dxc5 Nxc5 11. Qe2 Qc7 12. Nxc5 Qxc5 13. O-O Bd7 14. c3
1/2-1/2

[Event "Emsdetten - Stuttgart"]
[Site "BL 0203"]
[Date "2002.11.16"]
[Round "3.7"]
[White "Heinatz, Thomas"]
[Black "Richter, Christian"]
[Result "1/2-1/2"]
[WhiteElo "2315"]
[BlackElo "2333"]
[PlyCount "46"]
[EventDate "2002.??.??"]

1. e4 e5 2. Nf3 Nc6 3. Nc3 Nf6 4. d4 exd4 5. Nd5 Be7 6. Bf4 d6 7. Nxd4 O-O 8.
Nb5 Nxd5 9. exd5 Ne5 10. Be2 Bf6 11. c3 Re8 12. O-O Bd7 13. Qd2 Ng6 14. Be3 Nh4
15. Rae1 Nf5 16. Bf4 a6 17. Na3 h6 18. Bd3 Rxe1 19. Rxe1 Qf8 20. Nc2 Re8 21.
Be4 Re7 22. Qd3 Qe8 23. Bd2 Qc8 1/2-1/2

[Event "Emsdetten - Stuttgart"]
[Site "BL 0203"]
[Date "2002.11.16"]
[Round "3.8"]
[White "Pedersen, Daniel Vesterbaek"]
[Black "Migl, Dieter"]
[Result "1-0"]
[WhiteElo "2344"]
[BlackElo "2265"]
[PlyCount "79"]
[EventDate "2002.??.??"]

1. e4 e6 2. d4 d5 3. Nc3 Nf6 4. Bg5 dxe4 5. Nxe4 Be7 6. Bxf6 gxf6 7. Nf3 b6 8.
Bc4 Bb7 9. Qe2 c6 10. O-O-O Qc7 11. Rhe1 Nd7 12. Kb1 O-O-O 13. Ba6 Bxa6 14.
Qxa6+ Kb8 15. Qa4 Rdg8 16. g3 h5 17. c4 f5 18. Nc3 h4 19. d5 cxd5 20. Nxd5 Nc5
21. Nxc7 Nxa4 22. Rd7 hxg3 23. Na6+ Ka8 24. fxg3 Bf6 25. Rxf7 Rf8 26. Rxf8+
Rxf8 27. Nc7+ Kb8 28. Nxe6 Rh8 29. Re2 Rc8 30. Rc2 Re8 31. Nfd4 f4 32. gxf4 Rg8
33. Nf3 Rh8 34. Nfg5 Rh4 35. Kc1 Rg4 36. Nf3 Nc5 37. f5 Nxe6 38. fxe6 Rf4 39.
Nd2 Bg5 40. b3 1-0

[Event "Solingen - Neukoelln"]
[Site "BL 0203"]
[Date "2002.11.17"]
[Round "4.2"]
[White "Kasimdzhanov, Rustam"]
[Black "Slobodjan, Roman"]
[Result "1-0"]
[WhiteElo "2653"]
[BlackElo "2521"]
[PlyCount "101"]
[EventDate "2002.??.??"]

1. e4 e6 2. d4 d5 3. Nc3 dxe4 4. Nxe4 Nd7 5. Nf3 Ngf6 6. Nxf6+ Nxf6 7. Bg5 c5
8. Bc4 Qa5+ 9. c3 Be7 10. O-O O-O 11. Re1 Rd8 12. Re5 Qb6 13. Qe2 cxd4 14. Nxd4
h6 15. Be3 Qc7 16. Bf4 Bf8 17. Bg3 Bd6 18. Nb5 Qe7 19. Nxd6 Rxd6 20. Re3 Rd8
21. Re1 Bd7 22. Bc7 Rdc8 23. Be5 Bc6 24. Rg3 Rd8 25. Bd4 Kf8 26. Qe5 b6 27. h3
Rd7 28. Bb3 Rad8 29. a4 Bd5 30. Bc2 Bc6 31. Qe3 Rd5 32. Be5 Rd2 33. Re2 Rxe2
34. Qxe2 Ne8 35. c4 f6 36. Bc3 e5 37. Re3 Nc7 38. f4 e4 39. a5 Na6 40. b4 Nxb4
41. Bxe4 Bxe4 42. Rxe4 Qc5+ 43. Kh2 bxa5 44. Qg4 Nc6 45. Bxf6 gxf6 46. Qg6 Qd6
47. c5 Qc7 48. Qxf6+ Kg8 49. Qg6+ Kf8 50. Qxh6+ Kg8 51. Re3 1-0

[Event "Solingen - Neukoelln"]
[Site "BL 0203"]
[Date "2002.11.17"]
[Round "4.3"]
[White "Stohl, Igor Dr"]
[Black "Jussupow, Artur"]
[Result "1/2-1/2"]
[WhiteElo "2547"]
[BlackElo "2622"]
[PlyCount "22"]
[EventDate "2002.??.??"]

1. c4 e6 2. Nf3 d5 3. d4 c6 4. Qc2 Nf6 5. Nbd2 Be7 6. e4 b6 7. Bd3 Bb7 8. O-O
dxe4 9. Nxe4 Nbd7 10. Qe2 Nxe4 11. Bxe4 Nf6 1/2-1/2

[Event "Solingen - Neukoelln"]
[Site "BL 0203"]
[Date "2002.11.17"]
[Round "4.6"]
[White "Naumann, Alexander"]
[Black "Borriss, Martin Dr"]
[Result "1-0"]
[WhiteElo "2513"]
[BlackElo "2442"]
[PlyCount "79"]
[EventDate "2002.??.??"]

1. e4 c5 2. Nf3 d6 3. d4 cxd4 4. Nxd4 Nf6 5. Nc3 e6 6. Bc4 a6 7. Bb3 b5 8. Bg5
Be7 9. Qf3 Qb6 10. O-O-O O-O 11. Rhe1 Bd7 12. Be3 Qb7 13. g4 b4 14. g5 bxc3 15.
gxf6 Bxf6 16. Rg1 Kh8 17. Bh6 Rg8 18. Bg5 cxb2+ 19. Kb1 Bxg5 20. Rxg5 Nc6 21.
Qg3 Nxd4 22. Rxd4 Bc6 23. f3 Rad8 24. Rxd6 Qb6 25. Kxb2 a5 26. a4 h6 27. Rh5
Kh7 28. Qf4 Qc7 29. e5 Rxd6 30. exd6 Qb7 31. Rxa5 Rd8 32. Rc5 f6 33. a5 Qd7 34.
Qc4 Bd5 35. Qd3+ Kh8 36. Bxd5 Qxd6 37. Bb3 Qxc5 38. Qxd8+ Kh7 39. Qd3+ Kh8 40.
Qc4 1-0

[Event "Solingen - Neukoelln"]
[Site "BL 0203"]
[Date "2002.11.17"]
[Round "4.7"]
[White "Thiede, Lars"]
[Black "Hoffmann, Michael"]
[Result "1/2-1/2"]
[WhiteElo "2416"]
[BlackElo "2438"]
[PlyCount "39"]
[EventDate "2002.??.??"]

1. g3 Nf6 2. c4 e6 3. Bg2 d5 4. Nf3 dxc4 5. Na3 Bxa3 6. bxa3 O-O 7. Bb2 c5 8.
Qc2 Nc6 9. Qxc4 Nd7 10. O-O b6 11. d4 Bb7 12. dxc5 Nxc5 13. a4 Qe7 14. Rac1
Rac8 $11 15. Ba3 Na5 16. Qf4 Rfd8 17. Rc3 Qf6 18. Qxf6 gxf6 19. Bxc5 Rxc5 20.
Rxc5 1/2-1/2

[Event "Solingen - Neukoelln"]
[Site "BL 0203"]
[Date "2002.11.17"]
[Round "4.8"]
[White "Schneider, Bernd"]
[Black "Rudolf, Henrik"]
[Result "0-1"]
[WhiteElo "2424"]
[BlackElo "2348"]
[PlyCount "124"]
[EventDate "2002.??.??"]

1. c4 g6 2. Nc3 Bg7 3. g3 Nf6 4. Bg2 O-O 5. d4 d6 6. Nf3 Nbd7 7. O-O e5 8. Qc2
exd4 9. Nxd4 a6 10. Rd1 Re8 11. e4 Rb8 12. Bf4 Ng4 13. b4 Nge5 14. c5 dxc5 15.
bxc5 c6 16. Na4 Qe7 17. h3 h5 18. Rab1 Nf8 19. Nb6 Be6 20. Nxe6 Nxe6 21. Be3
Red8 22. f4 Nd7 23. Nxd7 Rxd7 24. Rxd7 Qxd7 25. Rd1 Qc7 26. e5 Rd8 27. Rd6 Qa5
28. Kh2 h4 29. gxh4 Qe1 30. Bf2 Qb4 31. Rxd8+ Nxd8 32. Bg3 Ne6 33. f5 gxf5 34.
Qxf5 Qxc5 35. h5 Qe3 36. h4 a5 37. Be4 a4 38. Bc2 Qd2+ 39. Kh3 Qc1 40. Bxa4
Qh1+ 41. Kg4 Nd4 42. Qd3 c5 43. h6 Bxh6 44. e6 Nxe6 45. Bc2 Bg7 46. Qh7+ Kf8
47. Bd6+ Ke8 48. Ba4+ Kd8 49. Qd3 Qg2+ 50. Bg3+ Nd4 51. Qe3 b5 52. Bxb5 Nxb5
53. Qxc5 Qe4+ 54. Bf4 Qe6+ 55. Kg3 Nd4 56. Qc7+ Ke8 57. Qb8+ Ke7 58. Qc7+ Kf6
59. Qd8+ Kg6 60. h5+ Kh7 61. h6 Nf5+ 62. Kf3 Bxh6 0-1